00707 2200241 4500001002100000005001700021008004100038020001800079035002400097082001200121090001900133100001900152245012000171260003500291300002200326500003100348500001100379650002900390850001200419980001300431985000600444999001500450YOGYA-0209000002737920090227024134.0 ind  a0-8053-2515-8 0010-020900000027379 a005.369 a005.369bFie C aFIELDING, Alan aComputing for biologistsban introduction to basic programming with application in the life sciencescAlan Fielding aCaliforniabThe Benjaminc1985 ax, 190 hlmc24 cm aBibliografi : hlm. 185-186 aIndeks aBASIC (Program Komputer) aYOPDYOG a14-03-07 a1 a06A0022038